Normal view
MARC view
- طوبار،مي
Entry Personal Name
001 - CONTROL NUMBER
- control field: 29984
003 - CONTROL NUMBER IDENTIFIER
- control field: JO-AjAnu
005 - DATE AND TIME OF LATEST TRANSACTION
- control field: 20230606075050.0
008 - FIXED-LENGTH DATA ELEMENTS
- fixed length control field: 230606|| aca||aabn | a|a d
040 ## - CATALOGING SOURCE
- Original cataloging agency: JO-AjAnu
- Transcribing agency: JO-AjAnu
100 ## - HEADING--PERSONAL NAME
- Personal name: طوبار،مي
670 ## - SOURCE DATA FOUND
- Source citation: Work cat.: (JO-AjAnu)15398: طوبار،مي, author, دراسة الجدوى ونظام feasibility study and B.O.T system= B.O.T